000 00500nam a2200181 a 4500
005 20140310183441.0
008 080521s19uu xx 00 eng d
020 _a9781412936095
050 _aLC 4818.38
_b.St78 2007
245 _aStudy skills for dyslexic students /
260 _aLos Angeles :
_bSage Publications,
_c2007.
300 _a166 p. :
_bill. ;
_c22 cm.
521 _aEDU
650 _aDyslexic children
_xEducation.
650 _aDyslexia.
942 _cBK
_2lcc
_kFOR
999 _c23107
_d23107